000 00313nam a22001217a 4500
008 230621b xxu||||| |||| 00| 0 eng d
082 _a328.35
_bIPC 1991
245 _aInter-Parliamentary Bulletin
_b71st Year, 1991
260 _bInter-Parliamentary Union
_c1991
300 _a339p
440 _n4
942 _2ddc
_cBK
999 _c2326
_d2326